Statistics for Taylor Swift- Cruel Summer (All Lyrics)

Click here to take the quiz!

General Stats

  • This quiz has been taken 1,221 times
    (1,156 since last reset)
  • The average score is 314 of 442

Answer Stats

Lyrics% Correct
I
99%
the
98%
it
96%
it)
96%
you
96%
you,
96%
You
96%
a
95%
in
95%
of
95%
summer
91%
that
91%
cruel
90%
it's
89%
It's
89%
to
88%
And
87%
night
86%
I'm
84%
"I'm
84%
your
84%
(Oh)
82%
(Oh
82%
oh
82%
devil
80%
got
80%
He
80%
know
80%
know,
80%
body
79%
back
78%
like
78%
car
77%
just
77%
shape
77%
What
77%
what
77%
with
77%
blue,
75%
drunk
75%
baby
74%
dream
74%
"For
74%
for
74%
but
73%
But
73%
feeling
73%
from
72%
high
72%
true
72%
bar
71%
home
71%
comin'
70%
keep
70%
want
70%
ever
69%
Fever
69%
me
69%
don't
68%
new,
66%
wasn't
66%
dice,
65%
love
65%
eyes
64%
garden
64%
I've
64%
quiet
64%
secrets
64%
wanna
64%
angels
63%
gate
63%
kill
63%
No
63%
roll
63%
Bad,
62%
bad
62%
fine,"
62%
fine,
62%
my
62%
Said,
61%
thing
61%
be
60%
boy,
60%
cried
60%
Every
60%
their
60%
up,
60%
up
60%
worst
60%
heard?"
59%
more
59%
ain't
58%
Devils
58%
looks
58%
makes
58%
scream,
57%
window
57%
snuck
56%
through
56%
toy
56%
worth
56%
doesn't
55%
shiny
55%
waiting
55%
whatever
55%
fate
54%
out
54%
seal
54%
rules
53%
that's
52%
always
51%
grinnin'
51%
ooh,
51%
price
50%
slow,
50%
tell
50%
bought
49%
caught
49%
heaven
48%
ooh,
48%
cool,
47%
Killing
44%
below
43%
(Yeah,
42%
yeah)
42%
yeah,
42%
breakable
40%
'em
40%
head
39%
machine
39%
We
39%
if
38%
last
38%
not
36%
vending
36%
low
35%
you'll
35%
So
33%
bleed,
32%
cut
32%
say
32%
trying
31%
glow
29%
We're
29%
Hang
27%
times
27%
dying
26%
knife
24%
screw
24%
bone
23%
summer's
23%
we'll
23%
you're
23%
these
22%
headlights,
20%
right,
18%
whoa-oh
11%

Score Distribution

Percentile by Number Answered

Percent of People with Each Score

Your Score History

You have not taken this quiz since the last reset